000 00543nam a2200205Ia 4500
005 20260122095511.0
008 260121s9999||||xx |||||||||||||| ||und||
020 _a9781529720969
082 _a302.2310721
_bQUA
100 _aQuan-Haase, Anabel
245 0 _aSage handbook of social media research methods /
250 _a2nd ed.
260 _aLos Angeles :
_bSage,
_c2022.
300 _axxix, 738 p.; hb
650 _aAnalytical tools
650 _aResearch methods
650 _aSocial media
700 _aSloan, Luke
942 _cTB
999 _c48384
_d48384